|
|
|
|
| LEADER |
00000nam0a2200000 4500 |
| 001 |
70563 |
| 005 |
20231031081537.0 |
| 035 |
|
|
|a (RuTPU)RU\TPU\book\75125
|
| 090 |
|
|
|a 70563
|
| 100 |
|
|
|a 20041124d1986 km y0rusy50 ca
|
| 101 |
0 |
|
|a rus
|
| 102 |
|
|
|a RU
|
| 105 |
|
|
|a a z 001zy
|
| 200 |
1 |
|
|a Совершенствование организации и управления ВЦ
|f В. Д. Васильева, М. А. Лермонтов, С. В. Поликарпов
|
| 210 |
|
|
|a Москва
|c Финансы и статистика
|d 1986
|
| 215 |
|
|
|a 199 с.
|c ил.
|
| 320 |
|
|
|a Библиогр.: с. 198
|
| 610 |
1 |
|
|a вычислительные центры
|
| 610 |
1 |
|
|a управление
|
| 610 |
1 |
|
|a расчеты
|
| 610 |
1 |
|
|a нормирование труда
|
| 610 |
1 |
|
|a нормативное хозяйство
|
| 675 |
|
|
|a 681.3.008
|v 3
|
| 700 |
|
1 |
|a Васильева
|b В. Д.
|g Валентина Дмитриевна
|
| 701 |
|
1 |
|a Лермонтов
|b М. А.
|g Михаил Алексеевич
|
| 701 |
|
1 |
|a Поликарпов
|b С. В.
|g Станислав Викторович
|
| 801 |
|
1 |
|a RU
|b 63413507
|c 20041124
|g PSBO
|
| 801 |
|
2 |
|a RU
|b 63413507
|c 20161026
|g PSBO
|
| 942 |
|
|
|c BK
|